Favorite greek myths. (Record no. 109934)
[ view plain ]
| 000 -LEADER | |
|---|---|
| fixed length control field | 00402nam a2200145 a 4500 |
| 005 - DATE AND TIME OF LATEST TRANSACTION | |
| control field | 20140414131846.0 |
| 008 - FIXED-LENGTH DATA ELEMENTS--GENERAL INFORMATION | |
| fixed length control field | 100701s19uu xx 00 eng d |
| 050 ## - LIBRARY OF CONGRESS CALL NUMBER | |
| Classification number | M 292.1 |
| Item number | B57 1995 |
| 100 ## - MAIN ENTRY--PERSONAL NAME | |
| Personal name | Blaisdel, Bob |
| 245 ## - TITLE STATEMENT | |
| Title | Favorite greek myths. |
| 260 ## - PUBLICATION, DISTRIBUTION, ETC. (IMPRINT) | |
| Place of publication, distribution, etc | New York : |
| Name of publisher, distributor, etc | Dover, |
| Date of publication, distribution, etc | 1995. |
| 440 ## - SERIES STATEMENT/ADDED ENTRY--TITLE | |
| Title | Children's Thrift Classics |
| 650 ## - SUBJECT ADDED ENTRY--TOPICAL TERM | |
| Topical term or geographic name as entry element | Mythology, Greek |
| General subdivision | Juvenile literature |
| Withdrawn status | Lost status | Damaged status | Home library | Current library | Shelving location | Date acquired | Source of acquisition | Total Checkouts | Full call number | Barcode | Date last seen | Price effective from | Koha item type |
|---|---|---|---|---|---|---|---|---|---|---|---|---|---|
| Munich Library | Munich Library | Main Section | 07/01/2010 | M 292.1 B57 1995 | M0136 | 04/14/2014 | 04/14/2014 | Books |